TOP 50 Most Guessed Cities - Statistics

General Stats
  • This quiz has been taken 17 times
    16 since last reset
  • The average score is 8 of 49
Answer Stats
Rank Answer Hint % Correct
2 London 91%
100%
1 New York 93%
100%
3 Paris 91%
82%
4 Los Angeles 90%
73%
5 Moscow 90%
55%
7 Tokyo 89%
55%
9 Rome 87%
45%
10 Berlin 86%
36%
6 Madrid 89%
36%
8 Mexico City 88%
36%
12 Barcelona 85%
27%
11 Sydney 86%
27%
15 Chicago 84%
18%
19 Beijing 83%
9%
14 Cairo 84%
9%
20 Delhi 83%
9%
16 Lisbon 84%
9%
42 Melbourne 78%
9%
13 Miami 85%
9%
44 Mumbai 78%
9%
21 Oslo 83%
9%
17 Rio de Janeiro 84%
9%
22 San Francisco 83%
9%
50 São Paulo 77%
9%
30 Amsterdam 81%
0%
27 Athens 81%
0%
40 Boston 78%
0%
47 Brasilia 77%
0%
32 Buenos Aires 80%
0%
41 Cape Town 78%
0%
33 Dallas 80%
0%
18 Dublin 84%
0%
46 Helsinki 78%
0%
36 Houston 79%
0%
24 Istanbul 82%
0%
48 Jakarta 77%
0%
25 Kiev 82%
0%
37 Lima 79%
0%
34 Manchester 80%
0%
35 Milan 80%
0%
26 Saint Petersburg 82%
0%
49 Santiago 77%
0%
28 Seattle 81%
0%
38 Shanghai 79%
0%
31 Stockholm 81%
0%
23 Toronto 83%
0%
45 Vancouver 78%
0%
39 Warsaw 79%
0%
29 Washington, D.C. 81%
0%
No matching quizzes found
Score Distribution
Percent of People with Each Score
Percentile by Number Answered
Your Score History
You have not taken this quiz since the last reset